[Event "BPB Limburg-open C"]
[Site "Maastricht"]
[Date "2015.05.25"]
[Round "6"]
[White "Ratzkowski, Dirk"]
[Black "Van der Hoeven, Carsten"]
[Result "1-0"]
[WhiteElo "1749"]
[BlackElo "1366"]
[PlyCount "81"]
[EventDate "2015.05.22"]
[EventType "swiss"]
[EventRounds "7"]
[EventCountry "NED"]
[Source "P.Boonen"]
[SourceDate "2015.01.01"]

1. e4 d6 2. f4 Nf6 3. Nc3 g6 4. Nf3 Bg7 5. Bc4 c5 6. d3 Nc6 7. O-O a6 8. a4 O-O
9. Ba2 e6 10. Bd2 Qc7 11. Re1 b6 12. h3 Bb7 13. Ng5 Rae8 14. Ne2 Re7 15. c3 Bc8
16. b4 cxb4 17. cxb4 b5 18. Kh1 Bd7 19. axb5 axb5 20. Bc3 Rc8 21. Rc1 Qa7 22.
Qd2 Qb7 23. Qb2 Ne8 24. Bxg7 Nxg7 25. d4 h6 26. Nf3 Ra8 27. d5 Nxb4 28. Qxb4
Rxa2 29. Qxd6 Be8 30. Nc3 Ra6 31. Qb4 Nh5 32. d6 Rd7 33. e5 Rd8 34. Kh2 Rc8 35.
Ne4 Ra4 36. Qd2 Rxc1 37. Rxc1 Rxe4 38. Rc7 Qa8 39. d7 Bxd7 40. Qxd7 Qf8 41. Rc8
1-0

[Event "BPB Limburg-open C"]
[Site "Maastricht"]
[Date "2015.05.25"]
[Round "6"]
[White "Reyskens, Jules"]
[Black "Deckers, Mano"]
[Result "1-0"]
[WhiteElo "1688"]
[BlackElo "1309"]
[PlyCount "29"]
[EventDate "2015.05.22"]
[EventType "swiss"]
[EventRounds "7"]
[EventCountry "NED"]
[Source "P.Boonen"]
[SourceDate "2015.01.01"]

1. e4 d5 2. exd5 Qxd5 3. Nc3 Qd6 4. d3 Bd7 5. Nf3 Nc6 6. Be2 O-O-O 7. O-O Ne5
8. Nxe5 Qxe5 9. Bf3 e6 10. Re1 Qd6 11. Be3 b6 12. a4 a5 13. Qe2 Be7 14. d4 Bf6
15. Qa6+ 1-0

[Event "BPB Limburg-open C"]
[Site "Maastricht"]
[Date "2015.05.25"]
[Round "6"]
[White "Roemhild, Wolfgang"]
[Black "Maass, Andre"]
[Result "0-1"]
[WhiteElo "1735"]
[BlackElo "1483"]
[PlyCount "76"]
[EventDate "2015.05.22"]
[EventType "swiss"]
[EventRounds "7"]
[EventCountry "NED"]
[Source "P.Boonen"]
[SourceDate "2015.01.01"]

1. e4 d6 2. d4 Nf6 3. Bd3 e5 4. Ne2 exd4 5. Nxd4 Nc6 6. Nxc6 bxc6 7. c3 Bg4 8.
f3 Be6 9. O-O g6 10. Be3 a5 11. Na3 Bg7 12. Nc2 c5 13. Ne1 O-O 14. b3 Nd7 15.
Rc1 Nb6 16. c4 Qd7 17. f4 f5 18. e5 Qe7 19. Nf3 Nd7 20. exd6 cxd6 21. Qe2 Rfe8
22. Rfe1 h6 23. Qf2 Bf6 24. h3 Kh7 25. Kh2 Nf8 26. g4 fxg4 27. hxg4 Bxg4 28.
Bxc5 Qb7 29. Bxd6 Bxf3 30. c5 Bc6 31. Rg1 Rad8 32. Qg3 Be4 33. Bc4 Bd4 34. Rge1
Nd7 35. Rxe4 Qxe4 36. c6 Nc5 37. f5 Rxd6 38. fxg6+ Rxg6 0-1

[Event "BPB Limburg-open C"]
[Site "Maastricht"]
[Date "2015.05.25"]
[Round "6"]
[White "Rutten, Alexander"]
[Black "Raats, Joppe"]
[Result "0-1"]
[WhiteElo "966"]
[BlackElo "1495"]
[PlyCount "136"]
[EventDate "2015.05.22"]
[EventType "swiss"]
[EventRounds "7"]
[EventCountry "NED"]
[Source "P.Boonen"]
[SourceDate "2015.01.01"]

1. e4 e5 2. Nf3 Nc6 3. Nc3 Nf6 4. Be2 Bb4 5. Nd5 Ba5 6. Nxf6+ Qxf6 7. O-O d6 8.
d3 h6 9. Be3 Be6 10. d4 exd4 11. Nxd4 Bb6 12. Nxc6 bxc6 13. Bxb6 axb6 14. Qb1
O-O 15. a3 Rfe8 16. c3 Qg6 17. Bf3 Bg4 18. Bxg4 Qxg4 19. f3 Qf4 20. Qd3 Qe5 21.
Rad1 Ra5 22. Rfe1 Qb5 23. Qxb5 Rxb5 24. Rd2 Rbe5 25. Rde2 f5 26. Kf2 fxe4 27.
Rxe4 Rxe4 28. Rxe4 Rxe4 29. fxe4 Kf7 30. Kf3 g5 31. Kg4 Kg6 32. Kf3 Kf6 33. g4
Ke5 34. Ke3 d5 35. exd5 cxd5 36. b4 c5 37. h3 cxb4 38. cxb4 b5 39. Kd3 d4 40.
a4 bxa4 41. b5 Kd5 42. b6 Kc6 43. b7 Kxb7 44. Kxd4 Kc6 45. Kc4 Kd6 46. Kb4 Ke5
47. Kxa4 Kf4 48. Kb3 Kg3 49. Kc3 Kxh3 50. Kd3 Kxg4 51. Ke2 Kh3 52. Kf1 Kh2 53.
Kf2 g4 54. Ke3 g3 55. Kf4 g2 56. Kg4 g1=Q+ 57. Kf5 h5 58. Ke4 h4 59. Kf3 h3 60.
Ke4 Kg3 61. Kd3 h2 62. Ke4 h1=R 63. Kf5 Qe3 64. Kg6 Qf4 65. Kg7 Qf5 66. Kg8 Rh3
67. Kg7 Rh7+ 68. Kg8 Qf7# 0-1

[Event "BPB Limburg-open C"]
[Site "Maastricht"]
[Date "2015.05.25"]
[Round "6"]
[White "Schlosser, Mathias"]
[Black "Marechal, Georges"]
[Result "0-1"]
[WhiteElo "1720"]
[BlackElo "1653"]
[PlyCount "144"]
[EventDate "2015.05.22"]
[EventType "swiss"]
[EventRounds "7"]
[EventCountry "NED"]
[Source "P.Boonen"]
[SourceDate "2015.01.01"]

1. e4 c6 2. d4 d5 3. Nd2 dxe4 4. Nxe4 Bf5 5. Ng3 Bg6 6. Nf3 Nd7 7. Bc4 e6 8.
O-O Bd6 9. Bb3 h6 10. Qe2 Ngf6 11. Nh4 Bh7 12. Nhf5 Bf8 13. Bf4 Nd5 14. Bd6 Qf6
15. Bxf8 Kxf8 16. Ne3 Qxd4 17. Nxd5 exd5 18. Rfe1 Qc5 19. c3 Nf6 20. Rad1 Re8
21. Qf3 Ne4 22. Nf5 Bxf5 23. Qxf5 g6 24. Qf4 Kg7 25. Qe3 Qxe3 26. Rxe3 Nf6 27.
Rde1 Rxe3 28. Rxe3 Re8 29. Rxe8 Nxe8 30. Kf1 Kf6 31. Ke2 g5 32. Ke3 Ke5 33. g3
Nd6 34. f4+ gxf4+ 35. gxf4+ Ke6 36. Kf3 Kf6 37. Bc2 b6 38. Ba4 c5 39. Bd7 Ne4
40. b3 Nd6 41. Ke3 Ne4 42. Kd3 Ke7 43. Bc6 Kd6 44. Bb7 Nf2+ 45. Ke2 Ng4 46. h3
Nf6 47. Bc8 Ne4 48. Kd3 Kc7 49. Bf5 Nd6 50. Bh7 Kd8 51. Ke3 Nb5 52. Kd3 d4 53.
cxd4 Nxd4 54. Ke4 Kd7 55. b4 Kd6 56. bxc5+ bxc5 57. Bg8 Ke6 58. Kd3 Kf6 59. Bh7
Ne6 60. Ke4 c4 61. Ke3 Ke7 62. Bc2 Kd6 63. Ke4 Kc5 64. Ke5 Nd4 65. Be4 f5 66.
Bb1 c3 67. h4 a5 68. a3 a4 69. Kf6 c2 70. Bxc2 Nxc2 71. Kg6 Nxa3 72. Kxh6 Nc4
0-1

[Event "BPB Limburg-open C"]
[Site "Maastricht"]
[Date "2015.05.25"]
[Round "6"]
[White "Schoffelen, Jan"]
[Black "Cheng, Fon Kee"]
[Result "0-1"]
[WhiteElo "1410"]
[BlackElo "1235"]
[PlyCount "120"]
[EventDate "2015.05.22"]
[EventType "swiss"]
[EventRounds "7"]
[EventCountry "NED"]
[Source "P.Boonen"]
[SourceDate "2015.01.01"]

1. e4 c5 2. Nf3 Nc6 3. Bc4 e6 4. d4 d5 5. Bb5 Qc7 6. Bxc6+ Qxc6 7. e5 c4 8. Nc3
b5 9. a3 a5 10. Be3 b4 11. axb4 axb4 12. Rxa8 Qxa8 13. Ne2 Qa2 14. Qc1 b3 15.
cxb3 Qxb3 16. O-O Bb4 17. Bd2 Bxd2 18. Nxd2 Qd3 19. Re1 Ne7 20. Qc3 O-O 21.
Qxd3 cxd3 22. Nc1 Ba6 23. Re3 Rc8 24. Nxd3 Bxd3 25. Rxd3 Rc1+ 26. Nf1 Nf5 27.
g4 Ne7 28. Rc3 Re1 29. f3 Re2 30. Rb3 h6 31. Rb8+ Kh7 32. b4 Ng6 33. b5 Nf4 34.
Ng3 Rg2+ 35. Kf1 Rxh2 36. b6 Nh3 37. b7 Rf2+ 38. Ke1 Rb2 39. Ne2 Kg6 40. Nc3
Kg5 41. Rf8 Rxb7 42. Ke2 Kf4 43. Na4 Ng5 44. Nc5 Rb2+ 45. Kd1 Ke3 46. f4 Nf3
47. Rxf7 Nxd4 48. Kc1 Rc2+ 49. Kb1 Rxc5 50. Rxg7 Kxf4 51. Rg6 Ke4 52. Rxh6 Kxe5
53. Rg6 Nf3 54. Rg8 d4 55. g5 d3 56. g6 d2 57. Rd8 Rc1+ 58. Ka2 d1=Q 59. Rxd1
Rxd1 60. g7 Rg1 0-1

[Event "BPB Limburg-open C"]
[Site "Maastricht"]
[Date "2015.05.25"]
[Round "6"]
[White "Schroeder, Janina"]
[Black "Mitran, Ovi"]
[Result "1-0"]
[WhiteElo "1422"]
[BlackElo "1523"]
[PlyCount "78"]
[EventDate "2015.05.22"]
[EventType "swiss"]
[EventRounds "7"]
[EventCountry "NED"]
[Source "P.Boonen"]
[SourceDate "2015.01.01"]

1. e4 c5 2. Nf3 d6 3. d4 cxd4 4. Nxd4 Nc6 5. Nc3 Nf6 6. Be2 g6 7. Be3 Bg7 8.
O-O a6 9. Re1 Ne5 10. h3 Bd7 11. Nf3 Nc6 12. Nd4 b5 13. Bf3 Ne5 14. a3 Nxf3+
15. Qxf3 Nh5 16. Nd5 O-O 17. Nc3 Be5 18. Rad1 Qc8 19. Bh6 Bg7 20. Bxg7 Nxg7 21.
Qd3 Ne6 22. Nf3 Nf4 23. Qe3 Nxg2 24. Kxg2 Bxh3+ 25. Kh1 Qg4 26. Rg1 Qh5 27. Nh2
f5 28. Nd5 e5 29. Qg5 Qe2 30. Ne7+ Kg7 31. Nxg6 Qxe4+ 32. f3 Bg4 33. fxe4 hxg6
34. Nxg4 fxg4 35. Qxg4 Rh8+ 36. Kg2 Rac8 37. Qd7+ Kf6 38. Rdf1+ Kg5 39. Kf2+
Kf4 1-0

[Event "BPB Limburg-open C"]
[Site "Maastricht"]
[Date "2015.05.25"]
[Round "6"]
[White "Schulte, Philipp"]
[Black "Krug, Franz-Dieter"]
[Result "1/2-1/2"]
[WhiteElo "1442"]
[BlackElo "1639"]
[PlyCount "50"]
[EventDate "2015.05.22"]
[EventType "swiss"]
[EventRounds "7"]
[EventCountry "NED"]
[Source "P.Boonen"]
[SourceDate "2015.01.01"]

1. d4 d5 2. c4 c6 3. Nf3 e6 4. g3 Nf6 5. Bg2 dxc4 6. O-O Be7 7. Ne5 O-O 8. Nxc4
h6 9. e4 Nh7 10. a4 Nd7 11. Bf4 Nb6 12. Nba3 f5 13. Rc1 Bg5 14. Bxg5 Nxg5 15.
e5 f4 16. Rc3 Nd5 17. Rd3 Bd7 18. Nd6 Rb8 19. Ne4 Nxe4 20. Bxe4 Qg5 21. Nc4 Be8
22. h4 Qe7 23. Nd6 Bd7 24. Qh5 Be8 25. Nxe8 Qxe8 1/2-1/2

[Event "BPB Limburg-open C"]
[Site "Maastricht"]
[Date "2015.05.25"]
[Round "6"]
[White "Slangen-Knuit, Dien"]
[Black "Van Dalen, Maiko"]
[Result "0-1"]
[WhiteElo "1033"]
[BlackElo "1381"]
[PlyCount "52"]
[EventDate "2015.05.22"]
[EventType "swiss"]
[EventRounds "7"]
[EventCountry "NED"]
[Source "P.Boonen"]
[SourceDate "2015.01.01"]

1. d4 d5 2. e3 Bf5 3. Nf3 e6 4. c4 c6 5. Nc3 Nf6 6. Be2 Be7 7. O-O O-O 8. b3
Nbd7 9. Bb2 Ne4 10. Rc1 Ndf6 11. cxd5 cxd5 12. a4 Rc8 13. Re1 Bb4 14. Bb5 Nxc3
15. Bxc3 Bxc3 16. Rf1 Ne4 17. Kh1 g5 18. Ne5 Nd2 19. Rg1 a6 20. Be2 Ne4 21. Rf1
f6 22. Ng4 Kg7 23. f4 h5 24. Nf2 g4 25. Nxe4 Bxe4 26. Kg1 f5 0-1

[Event "BPB Limburg-open C"]
[Site "Maastricht"]
[Date "2015.05.25"]
[Round "6"]
[White "Snyers, Antoine"]
[Black "Beusen, Frank"]
[Result "0-1"]
[WhiteElo "1556"]
[BlackElo "1415"]
[PlyCount "90"]
[EventDate "2015.05.22"]
[EventType "swiss"]
[EventRounds "7"]
[EventCountry "NED"]
[Source "P.Boonen"]
[SourceDate "2015.01.01"]

1. e4 e5 2. Nf3 Nc6 3. d4 exd4 4. Nxd4 Qf6 5. Nxc6 Qxc6 6. Bd3 Bc5 7. Nc3 Qf6
8. O-O Ne7 9. Qh5 d6 10. Bg5 Qg6 11. Qh4 f6 12. e5 Qxg5 13. Qxg5 fxg5 14. exd6
Bxd6 15. Bc4 Bd7 16. Ne4 h6 17. Nxd6+ cxd6 18. Rfe1 Kd8 19. Rad1 Nc8 20. Re3
Re8 21. Rf3 Be6 22. Bxe6 Rxe6 23. Rf8+ Re8 24. Rf7 Re7 25. Rf8+ Kc7 26. Kf1 Nb6
27. Rf3 Rae8 28. Rc3+ Kd7 29. Rcd3 Re6 30. b3 Nc8 31. c4 b6 32. a3 a5 33. b4
axb4 34. axb4 Re4 35. Rd4 Rxd4 36. Rxd4 Re5 37. g3 Ne7 38. b5 Rc5 39. g4 d5 40.
Ke2 Rxc4 41. Rxc4 dxc4 42. Ke3 Ng6 43. Kd4 Kd6 44. h3 Ne5 45. Kc3 Kc5 0-1

[Event "BPB Limburg-open C"]
[Site "Maastricht"]
[Date "2015.05.25"]
[Round "6"]
[White "Ten Have, Dimitri"]
[Black "Oord, Jan"]
[Result "0-1"]
[WhiteElo "1142"]
[BlackElo "1423"]
[PlyCount "66"]
[EventDate "2015.05.22"]
[EventType "swiss"]
[EventRounds "7"]
[EventCountry "NED"]
[Source "P.Boonen"]
[SourceDate "2015.01.01"]

1. d4 Nf6 2. c4 e6 3. Nc3 Bb4 4. Nf3 O-O 5. Qc2 d5 6. Bd2 c5 7. e3 Nc6 8. Ne2
Qa5 9. Ng3 Bxd2+ 10. Qxd2 Qxd2+ 11. Kxd2 Rd8 12. Rd1 dxc4 13. Kc1 cxd4 14. exd4
b5 15. Ne2 Ng4 16. Rg1 Nxf2 17. Rd2 Nd3+ 18. Kb1 Ncb4 19. Nc3 a6 20. a3 Nd5 21.
Nxd5 exd5 22. Bxd3 cxd3 23. Rxd3 Bf5 24. Rgd1 Bxd3+ 25. Rxd3 f6 26. Nh4 g6 27.
Rg3 Kf7 28. Nf3 Re8 29. Rh3 h5 30. Nh4 Re4 31. Nf3 Re2 32. Rg3 g5 33. h3 Rc8
0-1

[Event "BPB Limburg-open C"]
[Site "Maastricht"]
[Date "2015.05.25"]
[Round "6"]
[White "Uiterwijk, Jos"]
[Black "Bloem, Robert"]
[Result "1-0"]
[WhiteElo "1622"]
[BlackElo "1249"]
[PlyCount "69"]
[EventDate "2015.05.22"]
[EventType "swiss"]
[EventRounds "7"]
[EventCountry "NED"]
[Source "P.Boonen"]
[SourceDate "2015.01.01"]

1. e4 e5 2. Nf3 Nc6 3. d4 d6 4. dxe5 Bg4 5. exd6 Bxd6 6. c3 Bxf3 7. Qxf3 Ne5 8.
Qd1 a6 9. Be2 Qh4 10. Nd2 Nf6 11. g3 Qh3 12. Bf1 Qd7 13. f4 Neg4 14. Bh3 Bc5
15. Qe2 Rd8 16. e5 Bf2+ 17. Qxf2 Nxf2 18. Bxd7+ Nxd7 19. Kxf2 O-O 20. Nb3 c5
21. Be3 b6 22. Rad1 c4 23. Nd4 Rc8 24. Nf5 Nc5 25. Ne7+ Kh8 26. Nxc8 Rxc8 27.
Bxc5 bxc5 28. Rd2 g6 29. Rhd1 Kg7 30. Rd6 a5 31. Ra6 Rb8 32. Rd2 Rb5 33. a4 Rb7
34. Rxa5 Rc7 35. Rd5 1-0

[Event "BPB Limburg-open C"]
[Site "Maastricht"]
[Date "2015.05.25"]
[Round "6"]
[White "Van Ginneken, Maikel"]
[Black "Michielsen, Kobus"]
[Result "1-0"]
[WhiteElo "1499"]
[BlackElo "1617"]
[PlyCount "67"]
[EventDate "2015.05.22"]
[EventType "swiss"]
[EventRounds "7"]
[EventCountry "NED"]
[Source "P.Boonen"]
[SourceDate "2015.01.01"]

1. d4 d5 2. Nf3 Nf6 3. c4 c6 4. Nc3 e6 5. Bf4 Be7 6. c5 b6 7. b4 a5 8. a3 Na6
9. Na4 Nd7 10. Ne5 Nab8 11. e3 b5 12. Nc3 O-O 13. Bd3 Nxe5 14. Bxe5 a4 15. O-O
f6 16. Bg3 Nd7 17. Nxb5 cxb5 18. Bxb5 Ba6 19. Qxa4 Bxb5 20. Qxb5 e5 21. Qc6 Nb8
22. Qxa8 exd4 23. exd4 f5 24. Bxb8 Qxb8 25. Qxd5+ Kh8 26. Rfe1 Bf6 27. Re3 Qf4
28. Rd1 Bh4 29. g3 Qg4 30. Rde1 f4 31. Re8 Be7 32. R8xe7 Qc8 33. Qe5 h6 34.
Qxg7# 1-0

[Event "BPB Limburg-open C"]
[Site "Maastricht"]
[Date "2015.05.25"]
[Round "6"]
[White "Van Rossum, Pia"]
[Black "Karsten, Simon"]
[Result "1-0"]
[WhiteElo "1568"]
[BlackElo "1666"]
[PlyCount "61"]
[EventDate "2015.05.22"]
[EventType "swiss"]
[EventRounds "7"]
[EventCountry "NED"]
[Source "P.Boonen"]
[SourceDate "2015.01.01"]

1. d4 Nf6 2. g3 c5 3. Nf3 e6 4. Bg2 Nc6 5. O-O b6 6. c4 d5 7. Bf4 Bb7 8. Nbd2
cxd4 9. Nb3 dxc4 10. Nbxd4 Nxd4 11. Nxd4 Bxg2 12. Kxg2 Qd5+ 13. f3 e5 14. Qa4+
Qd7 15. Nb5 a6 16. Nc7+ Ke7 17. Qxd7+ Nxd7 18. Nxa8 exf4 19. Nc7 Kd6 20. Nxa6
Kc6 21. a3 Kb5 22. Nb4 fxg3 23. Rfd1 Bxb4 24. Rxd7 Ra8 25. hxg3 Bc5 26. Rxf7
Bd4 27. Rb1 Ka4 28. Rf4 Bf6 29. Rxc4+ Kb3 30. Rb4+ Kc2 31. Rh1 {.....} 1-0

[Event "BPB Limburg-open C"]
[Site "Maastricht"]
[Date "2015.05.25"]
[Round "6"]
[White "Vanden Bossche, Nicolas"]
[Black "Koolen, Tom"]
[Result "1/2-1/2"]
[WhiteElo "1681"]
[BlackElo "900"]
[PlyCount "30"]
[EventDate "2015.05.22"]
[EventType "swiss"]
[EventRounds "7"]
[EventCountry "NED"]
[Source "P.Boonen"]
[SourceDate "2015.01.01"]

1. d4 Nf6 2. c4 e6 3. Nc3 Bb4 4. a3 Bxc3+ 5. bxc3 O-O 6. Bg5 d5 7. e3 Nbd7 8.
Qb3 c5 9. Nf3 Qb6 10. Rb1 Ne4 11. Qxb6 axb6 12. Rb3 Ra4 13. cxd5 c4 14. Rb4
Rxa3 15. Rb1 exd5 1/2-1/2

[Event "BPB Limburg-open C"]
[Site "Maastricht"]
[Date "2015.05.25"]
[Round "6"]
[White "Vossen, Patrick"]
[Black "Rogge, Parcival"]
[Result "1-0"]
[WhiteElo "1453"]
[BlackElo "1185"]
[PlyCount "115"]
[EventDate "2015.05.22"]
[EventType "swiss"]
[EventRounds "7"]
[EventCountry "NED"]
[Source "P.Boonen"]
[SourceDate "2015.01.01"]

1. d4 d6 2. e3 c6 3. Bd3 g6 4. Nf3 Bg7 5. Nbd2 Bg4 6. c3 Nf6 7. h3 Bxf3 8. Qxf3
O-O 9. O-O Qc7 10. Re1 Nbd7 11. e4 e6 12. c4 d5 13. e5 Ne8 14. Qe3 c5 15. Nf3
Rc8 16. cxd5 exd5 17. e6 cxd4 18. Nxd4 Ne5 19. Bd2 Qc5 20. Bc3 Nd6 21. exf7+
Ndxf7 22. Ne6 Qxe3 23. Rxe3 Rfe8 24. Nxg7 Kxg7 25. Rae1 Rxc3 26. bxc3 Nxd3 27.
Rxe8 Nxe1 28. Rxe1 Kf6 29. f3 Ne5 30. Rb1 b6 31. Kf2 Kf5 32. Ke3 Nc6 33. g4+
Ke5 34. f4+ Ke6 35. h4 h6 36. h5 gxh5 37. gxh5 Kf5 38. Rg1 Ne7 39. Rg7 Kf6 40.
Rg1 Ke6 41. Kf3 Nf5 42. Rg8 Nd6 43. Rg6+ Ke7 44. Rxh6 Nc8 45. Rh8 Nd6 46. Ra8
Nb5 47. h6 Nd6 48. h7 Nf7 49. Rxa7+ Kf8 50. Rxf7+ Kxf7 51. h8=Q Ke6 52. Ke3 Kd6
53. Kd4 Ke6 54. Qe5+ Kd7 55. Kxd5 Kc8 56. Qe7 Kb8 57. Kc6 b5 58. Qb7# 1-0

[Event "BPB Limburg-open C"]
[Site "Maastricht"]
[Date "2015.05.25"]
[Round "6"]
[White "Weerts, Rene"]
[Black "Boesmans, Peter"]
[Result "1-0"]
[WhiteElo "1603"]
[BlackElo "1286"]
[PlyCount "58"]
[EventDate "2015.05.22"]
[EventType "swiss"]
[EventRounds "7"]
[EventCountry "NED"]
[Source "P.Boonen"]
[SourceDate "2015.01.01"]

1. d4 d6 2. Nf3 Nd7 3. c3 Ngf6 4. Bg5 c6 5. Nbd2 Qc7 6. e3 e5 7. Qb3 Be7 8.
Bxf6 Nxf6 9. Ng5 O-O 10. Qc2 h6 11. h4 g6 12. Nge4 Kg7 13. Nxf6 Bxf6 14. Bd3
Bd8 15. h5 f5 16. hxg6 Kxg6 17. O-O-O Bg5 18. g4 Qf7 19. gxf5+ Bxf5 20. dxe5
dxe5 21. Rdg1 Rad8 22. Nf3 Rfe8 23. Nh4+ Kf6 24. Nxf5 Qxa2 25. Rxg5 Rxd3 26.
Rxh6+ Kxg5 27. f4+ exf4 28. Qg2+ Kxf5 29. Qg6+ Ke5 1-0

[Event "BPB Limburg-open C"]
[Site "Maastricht"]
[Date "2015.05.25"]
[Round "6"]
[White "Wenzel, Jakoba"]
[Black "Ulburghs, Piet"]
[Result "1/2-1/2"]
[WhiteElo "1176"]
[BlackElo "1667"]
[PlyCount "77"]
[EventDate "2015.05.22"]
[EventType "swiss"]
[EventRounds "7"]
[EventCountry "NED"]
[Source "P.Boonen"]
[SourceDate "2015.01.01"]

1. Nf3 d5 2. d3 c5 3. Nbd2 Nc6 4. e4 d4 5. g3 e5 6. Bg2 Nf6 7. O-O Be6 8. h3 h6
9. a3 b5 10. Re1 Be7 11. Nh2 Qd7 12. Ndf1 Bxh3 13. f4 Bg4 14. Nxg4 Qxg4 15. Bf3
Qd7 16. f5 Nh7 17. Bg4 Qd6 18. Kg2 a5 19. b3 Ng5 20. Nd2 Bf6 21. Nf3 a4 22. Rh1
Nxf3 23. Qxf3 Na5 24. Bh5 axb3 25. Bxf7+ Kxf7 26. Qh5+ Kf8 27. Qg6 Be7 28. Rh5
c4 29. f6 Qxf6 30. Rf5 cxd3 31. Rxf6+ Bxf6 32. Bd2 Ke7 33. Bb4+ Ke6 34. Qf5+
Kf7 35. Qd7+ Kg8 36. Qe6+ Kh7 37. Qf5+ Kg8 38. Qe6+ Kh7 39. Qf5+ 1/2-1/2

[Event "BPB Limburg-open C"]
[Site "Maastricht"]
[Date "2015.05.25"]
[Round "6"]
[White "Werkhoven, Gerard"]
[Black "Weynjes, Tim"]
[Result "1-0"]
[WhiteElo "1546"]
[BlackElo "1233"]
[PlyCount "127"]
[EventDate "2015.05.22"]
[EventType "swiss"]
[EventRounds "7"]
[EventCountry "NED"]
[Source "P.Boonen"]
[SourceDate "2015.01.01"]

1. d4 d5 2. c4 e6 3. Nc3 Nf6 4. cxd5 exd5 5. Bg5 Be7 6. e3 O-O 7. Bd3 Nc6 8. a3
Re8 9. Nge2 Ng4 10. Bxe7 Qxe7 11. Nxd5 Qd6 12. Ndf4 Nf6 13. O-O Bg4 14. h3 Bxe2
15. Nxe2 Ne4 16. Qc2 Nf6 17. Rfd1 Qe6 18. Nf4 Qe7 19. b4 Nd8 20. Rac1 c6 21.
Re1 Ne6 22. Nxe6 Qxe6 23. Qb1 g6 24. Rc5 Nd7 25. Rg5 Qf6 26. Rg3 Re7 27. Rc1
Qh4 28. Rf3 Nf8 29. b5 Re6 30. bxc6 Rxc6 31. Rxc6 bxc6 32. Qb7 Qd8 33. Qxf7+
Kh8 34. Bc4 Nd7 35. Be6 Nb6 36. Rf4 g5 37. Rf6 Qg8 38. Qxg8+ Rxg8 39. Bxg8 Kxg8
40. Rxc6 Kf7 41. Rc7+ Ke6 42. Rxa7 Kd5 43. Rxh7 Nc4 44. a4 Ke4 45. Rc7 Kd5 46.
Rxc4 Kxc4 47. Kf1 Kb4 48. Ke2 Kxa4 49. Kd3 Kb5 50. Ke4 Kc6 51. Ke5 Kc7 52. Ke6
Kc8 53. Ke7 Kc7 54. d5 g4 55. hxg4 Kc8 56. d6 Kb7 57. d7 Kc6 58. d8=Q Kc5 59.
Qd4+ Kc6 60. Ke6 Kb5 61. Kd6 Ka5 62. Qb2 Ka4 63. Kc5 Ka5 64. Qb5# 1-0

[Event "BPB Limburg-open C"]
[Site "Maastricht"]
[Date "2015.05.25"]
[Round "6"]
[White "Wiedenbruch, Paul"]
[Black "Zheng, Mandy"]
[Result "1-0"]
[WhiteElo "1045"]
[BlackElo "900"]
[PlyCount "61"]
[EventDate "2015.05.22"]
[EventType "swiss"]
[EventRounds "7"]
[EventCountry "NED"]
[Source "P.Boonen"]
[SourceDate "2015.01.01"]

1. e4 e5 2. Nf3 d6 3. Bc4 Nf6 4. Nc3 Bg4 5. d4 Bxf3 6. gxf3 exd4 7. Qxd4 Nc6 8.
Qd3 Nb4 9. Qd1 Nd7 10. a3 Nc6 11. Qd5 Qe7 12. Bg5 Qe6 13. Qxe6+ fxe6 14. Bxe6
Nc5 15. Bg4 Be7 16. Nd5 Bxg5 17. Nxc7+ Kd8 18. Nxa8 Nd4 19. Kf1 Nxc2 20. Ra2
Nd3 21. b3 Bh4 22. Rxc2 Nxf2 23. Rxf2 Bxf2 24. Kxf2 Rf8 25. Rd1 Rf6 26. e5 Rg6
27. exd6 Rg5 28. Rc1 Ke8 29. Be6 Rc5 30. Rxc5 Kd8 31. Rc8# 1-0

[Event "BPB Limburg-open C"]
[Site "Maastricht"]
[Date "2015.05.25"]
[Round "6"]
[White "Wolters, Vincent"]
[Black "De Bock, Thijs"]
[Result "1-0"]
[WhiteElo "1654"]
[BlackElo "1621"]
[PlyCount "36"]
[EventDate "2015.05.22"]
[EventType "swiss"]
[EventRounds "7"]
[EventCountry "NED"]
[Source "P.Boonen"]
[SourceDate "2015.01.01"]

1. e4 c5 2. Nf3 e6 3. d4 cxd4 4. Nxd4 Nf6 5. Bd3 Nc6 6. Nxc6 bxc6 7. c4 d5 8.
cxd5 cxd5 9. Bb5+ Bd7 10. Bxd7+ Qxd7 11. exd5 Nxd5 12. O-O Bd6 13. Bd2 Rb8 14.
Nc3 Rxb2 15. Nxd5 exd5 16. Bc3 Rb6 17. Bxg7 Rg8 18. Re1+ Be7 {.....} 1-0

[Event "BPB Limburg-open C"]
[Site "Maastricht"]
[Date "2015.05.25"]
[Round "6"]
[White "Woyave, Pascal"]
[Black "Godding, Mick"]
[Result "1-0"]
[WhiteElo "1558"]
[BlackElo "1616"]
[PlyCount "87"]
[EventDate "2015.05.22"]
[EventType "swiss"]
[EventRounds "7"]
[EventCountry "NED"]
[Source "P.Boonen"]
[SourceDate "2015.01.01"]

1. Nf3 Nf6 2. c4 g6 3. g3 Bg7 4. Bg2 O-O 5. O-O c5 6. Nc3 d6 7. d4 cxd4 8. Nxd4
a6 9. Qb3 Nbd7 10. Qc2 Qc7 11. b3 Rb8 12. Bb2 b5 13. Nc6 Bb7 14. Nxb8 Rxb8 15.
cxb5 axb5 16. Qd2 Bxg2 17. Kxg2 b4 18. Na4 Ne4 19. Qe1 Ne5 20. f3 Nc5 21. Rc1
Qb7 22. Nxc5 dxc5 23. Bxe5 Bxe5 24. Rxc5 Bd6 25. Rc2 h5 26. Qd2 Qb5 27. Rfc1
Qe5 28. Rc8+ Rxc8 29. Rxc8+ Kh7 30. Rc4 g5 31. Re4 Qf6 32. Qd3 Kh6 33. Qd4 e5
34. Qb6 Qe6 35. Qd8 g4 36. Qh8+ Kg6 37. Qg8+ Kf6 38. Qh7 Ke7 39. Qxh5 f5 40.
Qh7+ Kd8 41. Rc4 Qd5 42. Qxf5 gxf3+ 43. Qxf3 Qd2 44. Qd3 1-0

[Event "BPB Limburg-open C"]
[Site "Maastricht"]
[Date "2015.05.25"]
[Round "6"]
[White "Zhang, Martin"]
[Black "Baselmans, Sam"]
[Result "1/2-1/2"]
[WhiteElo "1704"]
[BlackElo "1586"]
[PlyCount "75"]
[EventDate "2015.05.22"]
[EventType "swiss"]
[EventRounds "7"]
[EventCountry "NED"]
[Source "P.Boonen"]
[SourceDate "2015.01.01"]

1. e4 e6 2. d4 d5 3. Nd2 dxe4 4. Nxe4 Be7 5. Nf3 Nf6 6. Nxf6+ Bxf6 7. Bd3 Nd7
8. O-O O-O 9. Ne5 c5 10. c3 Qc7 11. Bf4 Nxe5 12. dxe5 Be7 13. Qg4 Rd8 14. Rad1
b6 15. Bh6 g6 16. Rfe1 Bb7 17. Re3 c4 18. Bc2 Rxd1+ 19. Qxd1 Rd8 20. Qe2 Qd7
21. Rg3 Qb5 22. b4 Qd5 23. Rg4 a5 24. a3 axb4 25. axb4 b5 26. f3 Qc6 27. Qe3
Qa6 28. Rd4 Qa1+ 29. Kf2 Bd5 30. Qe1 Qb2 31. Qd2 f6 32. Be4 Qxd2+ 33. Rxd2 f5
34. Bxd5 Rxd5 35. Rxd5 exd5 36. Be3 Kf7 37. f4 Ke6 38. g3 1/2-1/2